LEADER 01350nam0 22002891i 450 001 UON00454429 005 20231205105057.58 010 $a978-88-07-10509-8 100 $a20150518d2014 |0itac50 ba 101 $aita 102 $aIT 105 $a|||| ||||| 200 1 $aDiciassette contraddizioni e la fine del capitalismo$fDavid Harvey$etraduzione di Virginio B. Sala - Milano$eFeltrinelli, 2014 210 $a332 p.$a23 cm. 316 $aTESTO D'ESAME$5IT-UONSI VII GEO2.0/1064 410 1$1001UON00295118$12001 $aCampi del sapere. Saggi$1210 $aMilano$cFeltrinelli. 606 $aCapitalismo$xStudi$3UONC018831$2FI 620 $aIT$dMilano$3UONL000005 700 1$aHarvey$bDavid$3UONV066151$034164 712 $aFeltrinelli$3UONV246160$4650 801 $aIT$bSOL$c20251114$gRICA 899 $aSIBA - SISTEMA BIBLIOTECARIO DI ATENEO$2UONSI 912 $aUON00454429 950 $aSIBA - SISTEMA BIBLIOTECARIO DI ATENEO$dSI VII GEO 2.0 1064 $eSI 13810 1064 TESTO D'ESAME$sTesto d'esame 951 $aSIBA - SISTEMA BIBLIOTECARIO DI ATENEO$bSI2015659 1J 20150518 996 $aSeventeen contradictions and the end of capitalism$917775 997 $aUNIOR